<?xml version="1.0" encoding="UTF-8"?><?xml-stylesheet type="text/xsl" href="static/style.xsl"?><OAI-PMH xmlns="http://www.openarchives.org/OAI/2.0/" xmlns:xsi="http://www.w3.org/2001/XMLSchema-instance" xsi:schemaLocation="http://www.openarchives.org/OAI/2.0/ http://www.openarchives.org/OAI/2.0/OAI-PMH.xsd"><responseDate>2026-04-26T21:59:52Z</responseDate><request verb="GetRecord" identifier="oai:uvadoc.uva.es:10324/45921" metadataPrefix="marc">https://uvadoc.uva.es/oai/request</request><GetRecord><record><header><identifier>oai:uvadoc.uva.es:10324/45921</identifier><datestamp>2025-10-07T11:42:23Z</datestamp><setSpec>com_10324_29292</setSpec><setSpec>com_10324_29291</setSpec><setSpec>col_10324_29293</setSpec></header><metadata><record xmlns="http://www.loc.gov/MARC21/slim" xmlns:doc="http://www.lyncode.com/xoai" xmlns:xsi="http://www.w3.org/2001/XMLSchema-instance" xmlns:dcterms="http://purl.org/dc/terms/" xsi:schemaLocation="http://www.loc.gov/MARC21/slim http://www.loc.gov/standards/marcxml/schema/MARC21slim.xsd">
<leader>00925njm 22002777a 4500</leader>
<datafield tag="042" ind1=" " ind2=" ">
<subfield code="a">dc</subfield>
</datafield>
<datafield tag="720" ind1=" " ind2=" ">
<subfield code="a">Lobo Cabrera, Manuel</subfield>
<subfield code="e">author</subfield>
</datafield>
<datafield tag="260" ind1=" " ind2=" ">
<subfield code="c">2020</subfield>
</datafield>
<datafield tag="520" ind1=" " ind2=" ">
<subfield code="a">Doña Juana de Austria, también conocida como la princesa gobernadora por haber regentado los reinos de España, durante la ausencia de su padre, el emperador Carlos V, y de su hermano, el rey Felipe II, entre 1554 y 1559. Hija de reyes, hermana de reyes, mujer del heredero de Portugal, madre de reyes, ha sido considerada como una de las personalidades femeninas más importantes —espiritual, artista y políticamente— de la España y de la Europa del siglo XVI, de tal manera que los distintos autores que se han acercado a estudiarla, con mayor o menor fortuna, la han considerado como una mujer, princesa, de una gran cultura, dueña de un gran patrimonio artístico y de una de las importantes bibliotecas, así como una gobernadora de alto nivel, con empuje y coraje para llevar adelante interesantes proyectos</subfield>
</datafield>
<datafield tag="024" ind2=" " ind1="8">
<subfield code="a">Manuel Lobo Cabrera, Doña Juana de Austria. La princesa gobernadora. Valladolid, Ediciones Universidad de Valladolid, 2020.</subfield>
</datafield>
<datafield tag="024" ind2=" " ind1="8">
<subfield code="a">978-84-1320-094-1</subfield>
</datafield>
<datafield tag="024" ind2=" " ind1="8">
<subfield code="a">http://uvadoc.uva.es/handle/10324/45921</subfield>
</datafield>
<datafield tag="024" ind2=" " ind1="8">
<subfield code="a">10.24197/eduva.2887</subfield>
</datafield>
<datafield ind1=" " ind2=" " tag="653">
<subfield code="a">Felipe II, Rey de España</subfield>
</datafield>
<datafield ind1=" " ind2=" " tag="653">
<subfield code="a">Carlos I, Rey de España</subfield>
</datafield>
<datafield ind1=" " ind2=" " tag="653">
<subfield code="a">Mecenazgo - España - Historia</subfield>
</datafield>
<datafield ind1=" " ind2=" " tag="653">
<subfield code="a">Austria, Juana de, Princesa de Portugal</subfield>
</datafield>
<datafield ind1=" " ind2=" " tag="653">
<subfield code="a">España - Historia - 1556-1598 (Felipe II)</subfield>
</datafield>
<datafield tag="245" ind1="0" ind2="0">
<subfield code="a">Doña Juana de Austria. La princesa gobernadora</subfield>
</datafield>
</record></metadata></record></GetRecord></OAI-PMH>